Revista de derecho privado y comunitario 2017 - 1 : Contratos. Parte especial I /
Guardado en:
| Formato: | Libro |
|---|---|
| Idioma: | Spanish |
| Publicado: |
Santa Fe :
Rubinzal - Culzoni,
2017.
|
| Edición: | 1a. ed. |
| Materias: | |
| Etiquetas: |
Agregar Etiqueta
Sin Etiquetas, Sea el primero en etiquetar este registro!
|
| LEADER | 00650nam a22001935a 4500 | ||
|---|---|---|---|
| 001 | DER.der013394 | ||
| 008 | 180615s2017####ag#||||||||||||||#||spa|| | ||
| 005 | 20230609092849.0 | ||
| 245 | 1 | 0 | |a Revista de derecho privado y comunitario 2017 - 1 : |b Contratos. Parte especial I / |c Alegría, Héctor. |
| 250 | |a 1a. ed. | ||
| 260 | |a Santa Fe : |b Rubinzal - Culzoni, |c 2017. | ||
| 020 | |a 9789873007644 | ||
| 700 | 1 | |a Alegría, Héctor, |e dir. | |
| 700 | 1 | |a Mosset Iturraspe, Jorge, |e dir. | |
| 650 | 7 | |a CONTRATOS DE LOCACION | |
| 650 | 7 | |a RESPONSABILIDAD CONTRACTUAL | |
| 650 | 7 | |a CONTRATOS BANCARIOS | |
| 650 | 7 | |a FACTORING | |
| 859 | |a DERECHO |b BIB. DERECHO |h 346 |i REV |p 008344 | ||
